| 000 | 00580nam a2200229Ia 4500 | ||
|---|---|---|---|
| 003 | OSt | ||
| 005 | 20220928135651.0 | ||
| 006 | a|||||r|||| 00| 0 | ||
| 007 | ta | ||
| 008 | 220927b |||||||| |||| 00| 0 eng d | ||
| 024 | _a4496 | ||
| 037 | _cTextual | ||
| 040 |
_aSDCL _cSDCL _beng |
||
| 041 |
_2eng _aeng |
||
| 082 | _aX:54, P0 | ||
| 100 |
_aPugal Thomas A _9492564 |
||
| 245 | 0 | _aInternational economics | |
| 260 | _c2000 | ||
| 700 |
_a Lindert Peter H _9388723 |
||
| 942 |
_hX:54, P0 _cTEXL _2CC |
||
| 999 |
_c808175 _d808175 |
||